000 00496nam a2200181Ia 4500
003 GCL
008 140319s9999 xx 000 0 eng d
040 _aGCL /
_cGCL
082 0 4 _a005.13
_bW P
100 1 _aWATT, DAVID A.
245 1 0 _aPROGRAMMING LANGUAGE SYNTAX AND SEMANTICS /
_cWATT, DAVID A.
260 _a[S.N] :
_bPREMTICE HALL INTERNATIONAL, INC ،
_c1991
300 _a389 P
650 0 4 _aPROGRAMMING LANGUAGE
650 0 4 _aGRAMMAR
650 0 4 _aCOMPUTER SYSTEM
942 _2ddc
_cBK
999 _c23664
_d23664